| 000 | 01430cam a2200325 4500 | ||
|---|---|---|---|
| 001 | ABS65179 | ||
| 008 | 020226n2002 000 0 eng u | ||
| 035 | _a(Sirsi) u116858 | ||
| 100 | _aSector, G. | ||
| 245 | _aPlanning ahead | ||
| 260 | _c2002 | ||
| 490 |
_aNew Law Journal _v152(7014) 11 January 2002, 27-29(3) |
||
| 520 | _aDiscusses the planning reform Green Paper. Identifies three issues it deals with. The problems with the current approach to planning, the proposed system of local development frameworks and the proposals to reduce the delays. Puts the Green Paper in its historical context, explains how it seeks to eliminate the duplication of control by introducing a single planning consent regime, which will simplify and speed up the process and highlights the options suggested for limited third part appeals. | ||
| 590 | _aABS | ||
| 650 | _aTERMINAL 5 | ||
| 650 | _aHEATHROW TERMINAL 5 | ||
| 650 | _aTOWN AND COUNTRY PLANNING ACT 1947 | ||
| 650 | _aTOWN AND COUNTRY PLANNING ACT 1990 | ||
| 650 | _aPLANNING AND COMPENSATION ACT 1991 | ||
| 650 | _aLOCAL GOVERNMENT ACT 2000 | ||
| 650 | _aREGIONAL PLANNING GUIDANCE | ||
| 650 | _aRPG | ||
| 650 | _aUNITARY DEVELOPMENT PLANS | ||
| 650 | _aUDPS | ||
| 650 | _aGENERAL DEVELOPMENT ORDER 1995 | ||
| 650 | _aPLANNING APPEALS | ||
| 650 | _aGENERAL PERMITTED DEVELOPMENT ORDER 1995 | ||
| 690 |
_aPlanning and development _96259 |
||
| 942 | _n0 | ||
| 999 |
_c69600 _d69600 |
||